000 01126nam a2200349 i 4500
003 EG-GICUC
005 20260217105204.0
008 260217s1987 us ||||fr ||| 00| 0 eng d
040 _aEG-GICUC
_cEG-GICUC
_dEG-GICUC
_erda
_beng
041 0 _aeng
082 0 4 _221
_a341
_b
092 0 4 _221
099 _aLaw 11 1987
245 1 2 _aBasic Documents supplement to International Law :
_bCases And Materales /
_cLouis Henkin... [et-al.]
250 _a2 edition.
264 0 _aST. Paul, Minn,
_cWest Publishing Company,
_b1987.
300 _axii, 677 Pages;
_c30 cm.
_billustrations,
336 _atext
_2rda content
337 _aComputer
_2rda media
338 _aOnline Resource
_2rda carrier
504 _aBibliography: pages 200-250.
546 _aText in English
650 0 4 _aPublic international law
_2qrmak
651 1 _2qrmak
700 1 _aC. Pugh, Richard,
_eAuthor.
700 1 _aHenkin, Louis,
_eAuthor.
700 1 _aSchachter, Oscar,
_eAuthor.
700 1 _aSmit, Hans,
_eAuthor.
856 _uhttps://fll.law.cu.edu.eg/fulltext/th/ENGB11-00143.pdf
905 _a10
942 _2ddc
_cBK
_e21
_n0
999 _c63235
_d63235